00513nam a2200169Ia 4500008004100000041000800041082001400049100001200063245004700075250001200122260005600134300000800190650002700198942000700225952009600232999001500328230711s9999||||xx |||||||||||||| ||und|| aENG a624bKU-R aKumar S 0aRefrigeration and air conditioning service a4th Ed. c1990aNew DelhibNew Heights / Rainbow Book Co / Rb a401 aMechanical Engineering cBK 001040708CaMCLbMCLd0000-00-00l0o624 KU-Rp8118r2023-08-17 14:01:32w2023-08-17yBK c1682d1682